000 01027nam a2200253 a 4500
001 000006835
005 20251120073731.0
008 090903s1995 dr d 000 0 spa d
020 _a8489548099
040 _aDO-SdBNP
_bspa
_cBNPHU
082 _a460.97293
_bA325l
100 1 _aAlba, Orlando
_916502
245 1 3 _aEl léxico disponible de la República Dominicana /
_cOrlando Alba.
260 _aSantiago de los Caballeros, República Dominicana :
_bPUCMM,
_c1995.
300 _a214 p. :
_bdiagr. ;
_c27 cm.
490 1 _aEstudios
_v177
500 _aIncluye datos biográficos del autor en la contracubierta
504 _aIncluye referencias bibliográficas y notas al pie de las páginas
650 4 _aEspañol-enseñanza
_918989
650 4 _aEspañol
_zRepública Dominicana
_xVocabulario
_xEstadísticas
_918990
650 4 _aEspañol
_zRepública Dominicana
_xFrecuencia de palabras
_xEstadísticas
_918991
710 2 _aPontificia Universidad Católica Madre y Maestra
_9843
830 0 _aColección Estudios
_n177
_918992
999 _c6623
_d6623